| 000 | 00460nam a2200181Ia 4500 | ||
|---|---|---|---|
| 008 | 170918s9999 xx 000 0 und d | ||
| 020 | _a9780547564593 | ||
| 050 | _bS921pi 2012 | ||
| 100 | _aStrohm, Stephanie Kate | ||
| 245 | _aPilgrims don't wear pink / | ||
| 245 | _cby Stephanie Kate Strohm. | ||
| 260 | _aUSA : | ||
| 260 | _bHoughton Mifflin Harcourt, | ||
| 260 | _c2012 | ||
| 300 | _a204 pages : | ||
| 300 | _billustrations ; | ||
| 300 | _c21cm. | ||
| 999 |
_c343895 _d343895 |
||